Online
Catalog

Estado de las migraciones que atañen a la República Dominicana 2023 / (Record no. 59513)

MARC details
000 -CABECERA
campo de control de longitud fija 01920nam a2200361 i 4500
003 - IDENTIFICADOR DEL NÚMERO DE CONTROL
campo de control DO-SdBNP
005 - FECHA Y HORA DE LA ÚLTIMA TRANSACCIÓN
campo de control 20250711144745.0
007 - CAMPO FIJO DE DESCRIPCIÓN FÍSICA--INFORMACIÓN GENERAL
campo de control de longitud fija ta
008 - DATOS DE LONGITUD FIJA--INFORMACIÓN GENERAL
campo de control de longitud fija 250711b2024 dr adb|| |||| 00| 0 spa d
020 ## - NÚMERO INTERNACIONAL ESTÁNDAR DEL LIBRO
Número Internacional Estándar del Libro 9789945224078
040 ## - FUENTE DE LA CATALOGACIÓN
Centro catalogador/agencia de origen DO-SdBNP
Lengua de catalogación spa
Centro/agencia transcriptor BNPHU
Normas de descripción rda
041 ## - CÓDIGO DE LENGUA
Código de lengua del texto/banda sonora o título independiente spa
082 #4 - NÚMERO DE LA CLASIFICACIÓN DECIMAL DEWEY
Número de clasificación xxx
Número de documento/Ítem C397e 2023
Número de edición 22
245 10 - MENCIÓN DE TÍTULO
Título Estado de las migraciones que atañen a la República Dominicana 2023 /
Mención de responsabilidad, etc. autores invitados, Liliana Degiorgis, Puline Kulstad, Rafael Durán Rodríguez, Natalia Riveros, Tess Kulstad ; editorial, Puline Kulstad ; diagramación, Alexandra Deschamps ; prólogo, Bridget Wooding.
264 ## - PRODUCCIÓN, PUBLICACIÓN, DISTRIBUCIÓN, FABRICACIÓN Y COPYRIGHT
Producción, publicación, distribución, fabricación y copyright Santo Domingo, República Dominicana :
Nombre del de productor, editor, distribuidor, fabricante Centro para la Observación Migratoria y el Desarrollo Social en el Caribe (OBMICA),
Fecha de producción, publicación, distribución, fabricación o copyright 2024.
300 ## - DESCRIPCIÓN FÍSICA
Extensión 354 páginas :
Otras características físicas ilustraciones, gráficos, mapas ;
Dimensiones 28 cm.
336 ## - TIPO DE CONTENIDO
Término de tipo de contenido texto
Código de tipo de contenido txt
Fuente rdacontent
337 ## - TIPO DE MEDIO
Nombre/término del tipo de medio sin mediación
Código del tipo de medio n
Fuente rdamedia
338 ## - TIPO DE SOPORTE
Nombre/término del tipo de soporte volumen
Código del tipo de soporte nc
Fuente rdacarrier
504 ## - NOTA DE BIBLIOGRAFÍA, ETC.
Nota de bibliografía, etc. Bibliografía: páginas 319-354
505 ## - NOTA DE CONTENIDO CON FORMATO
Nota de contenido con formato Índice de gráficos, 13.-- Índice de tablas, 14.-- Acrónimos, 17.-- Prólogo, 23. -- Contexto de las migraciones internacionales y del caribe, 27. -- La emigración dominicana: cifras y tendencias 2023, 95. -- Flujo inmigratorio: cifras y tendencias, 151. -- Gobernanza de la migraciones en República Dominicana, 217. -- Situación de derechos humanos de las personas migrantes y sus descendientes: un análisis antropológico, 281. --
590 ## - NOTA LOCAL (RLIN)
Nota local Inventariado, 2025 /LP
700 1# - PUNTO DE ACCESO ADICIONAL--NOMBRE DE PERSONA
Nombre de persona Wooding, Bridget,
Término indicativo de función/relación prologuista
Código de función/relación pr.
9 (RLIN) 2231
700 1# - PUNTO DE ACCESO ADICIONAL--NOMBRE DE PERSONA
Nombre de persona Kulstad, Pauline,
Término indicativo de función/relación editor
Código de función/relación ed.
9 (RLIN) 88337
700 1# - PUNTO DE ACCESO ADICIONAL--NOMBRE DE PERSONA
Nombre de persona Deschamps, Alexandra.
Término indicativo de función/relación diagramador
Código de función/relación di.
9 (RLIN) 1503
700 1# - PUNTO DE ACCESO ADICIONAL--NOMBRE DE PERSONA
Nombre de persona Degiorgis, Liliana
9 (RLIN) 88338
700 1# - PUNTO DE ACCESO ADICIONAL--NOMBRE DE PERSONA
Nombre de persona Kulstad, Puline
9 (RLIN) 88339
700 1# - PUNTO DE ACCESO ADICIONAL--NOMBRE DE PERSONA
Nombre de persona Durán Rodríguez, Rafael
9 (RLIN) 88340
700 1# - PUNTO DE ACCESO ADICIONAL--NOMBRE DE PERSONA
Nombre de persona Riveros, Natalia
9 (RLIN) 42979
700 1# - PUNTO DE ACCESO ADICIONAL--NOMBRE DE PERSONA
Nombre de persona Kulstad, Tess
9 (RLIN) 86514
910 ## - DATOS DE OPCIÓN DEL USUARIO (OCLC)
Datos de opción del usuario LP
942 ## - ELEMENTOS DE PUNTO DE ACCESO ADICIONAL (KOHA)
Fuente del sistema de clasificación o colocación Dewey Decimal Classification
Tipo de ítem Koha Libro
Holdings
Estado de retiro Estado de pérdida Fuente del sistema de clasificación o colocación Restricciones de uso No para préstamo Código de colección Localización permanente Ubicación/localización actual Ubicación en estantería Fecha de adquisición Fuente de adquisición Total de préstamos Signatura topográfica completa Código de barras Fecha visto por última vez Precio válido a partir de Tipo de ítem Koha Número de copia
    Dewey Decimal Classification Excluido de préstamo   Patrimonio Dominicano Biblioteca Nacional Pedro Henríquez Ureña Biblioteca Nacional Pedro Henríquez Ureña Depósito 23.05.2025 Depósito Legal   xxx C397e 2023 2025-6454 11.07.2025 11.07.2025 Libro  
    Dewey Decimal Classification Excluido de préstamo   Patrimonio Dominicano Biblioteca Nacional Pedro Henríquez Ureña Biblioteca Nacional Pedro Henríquez Ureña Depósito 23.05.2025 Depósito Legal   xxx C397e 2023 2025-6455 11.07.2025 11.07.2025 Libro e.2
    Dewey Decimal Classification Préstamo en sala   Dominicana de Servicio Biblioteca Nacional Pedro Henríquez Ureña Biblioteca Nacional Pedro Henríquez Ureña Depósito 23.05.2025 Depósito Legal   xxx C397e 2023 2025-6456 11.07.2025 11.07.2025 Libro e.3

Powered by Koha